000 00726nam a2200229Ia 4500
003 OSt
005 20220926005426.0
006 a|||||r|||| 00| 0
007 ta
008 220923b |||||||| |||| 00| 0 eng d
037 _cGeneral Book
040 _aRTL
_cRTL
_beng
041 _2eng
_aeng
082 _aU:(G:55).44Q71.N9, N8
100 _aGann Narottam
_9310287
245 0 _aEnvironmental degradation and conflict
_b The case of Bangladsh India
260 _a New Delhi
_bSouth Asian Publishers India
_c1998
300 _axi,161p. Bib p. 142-57
_ccm.
650 _aGeography- Environment
_9229896
942 _hU:(G:55).44Q71.N9, N8
_cGB
_2CC
999 _c613808
_d613808